[Event "Chess Olympiad Women 2022"]
[Site "Chennai"]
[Date "2022.08.03"]
[Round "6.2"]
[White "Matnadze, Ana"]
[Black "Guindy, Esmat Susanne"]
[Result "1-0"]
[WhiteElo "2406"]
[BlackElo "2097"]
[PlyCount "97"]
[EventDate "2022.07.29"]
[EventType "team-swiss"]
[EventRounds "11"]
[EventCountry "IND"]
[WhiteTeam "Spain"]
[BlackTeam "Denmark"]

1. d4 d5 2. Nf3 Nf6 3. g3 Bf5 4. Bg2 c6 5. O-O e6 6. c4 Be7 7. Nc3 h6 8. Nd2
O-O 9. b3 Nbd7 10. Bb2 a5 11. a4 Rc8 12. h3 Ne8 13. Rc1 Bh7 14. e3 f5 15. Nf3
Ndf6 16. Ne5 Ne4 17. Ne2 g5 18. f3 N4d6 19. Bc3 Nf7 20. Nd3 b6 21. Qd2 Ned6 22.
c5 Nb7 23. b4 axb4 24. Bxb4 bxc5 25. Nxc5 Nxc5 26. Bxc5 Nd6 27. Qa2 Nc4 28.
Rxc4 dxc4 29. Qxc4 Rf7 30. f4 Bxc5 31. dxc5 Qe8 32. a5 Bg6 33. a6 Ra7 34. Nd4
Bf7 35. Qa4 Qf8 36. Rc1 Rca8 37. Bf1 Qc8 38. Qxc6 Qd8 39. Qb6 Qd7 40. c6 Qd6
41. Nb5 Qd2 42. Nxa7 Qxc1 43. c7 e5 44. c8=Q+ Rxc8 45. Nxc8 Bc4 46. Qd8+ Kg7
47. Qc7+ Kh8 48. Qxc4 Qxe3+ 49. Kh1 1-0

[Event "Chess Olympiad Women 2022"]
[Site "Chennai"]
[Date "2022.08.03"]
[Round "6.3"]
[White "Kakulidis, Ellen"]
[Black "Garcia Martin, Marta"]
[Result "0-1"]
[WhiteElo "2057"]
[BlackElo "2305"]
[PlyCount "98"]
[EventDate "2022.07.29"]
[EventType "team-swiss"]
[EventRounds "11"]
[EventCountry "IND"]
[WhiteTeam "Denmark"]
[BlackTeam "Spain"]

1. d4 d5 2. c4 e6 3. Nf3 Nf6 4. g3 Bb4+ 5. Bd2 Be7 6. Bg2 Nbd7 7. O-O c6 8. Bc3
dxc4 9. a4 b6 10. Nfd2 Nd5 11. Nxc4 Ba6 12. Ne5 Nxe5 13. dxe5 Qc7 14. Re1 Rd8
15. Qb3 O-O 16. Nd2 c5 17. Nf3 Nxc3 18. Qxc3 Rd7 19. h4 h6 20. Qc2 Bb7 21. Qc3
Rfd8 22. Nh2 Ba6 23. Nf3 c4 24. b3 cxb3 25. Qxb3 Qc5 26. Rac1 Qa5 27. Qc2 Bc5
28. Red1 Bb7 29. Rxd7 Rxd7 30. Rd1 Bc6 31. Ra1 Qb4 32. e3 Be4 33. Qc1 a5 34.
Nh2 Bxg2 35. Kxg2 Qe4+ 36. Nf3 g5 37. hxg5 hxg5 38. Qb1 Rd3 39. Kg1 Bxe3 40.
Ne1 Bxf2+ 41. Kxf2 Rd2+ 42. Kg1 Qe2 43. Qxb6 Qh2+ 44. Kf1 Qh3+ 45. Kg1 Qxg3+
46. Kf1 Qh3+ 47. Kg1 Qh2+ 48. Kf1 Qh1+ 49. Qg1 Qh3+ 0-1

[Event "Chess Olympiad Women 2022"]
[Site "Chennai"]
[Date "2022.08.03"]
[Round "6.4"]
[White "Calzetta Ruiz, Monica"]
[Black "Fredericia, Louise Winther"]
[Result "1-0"]
[WhiteElo "2230"]
[BlackElo "1990"]
[PlyCount "61"]
[EventDate "2022.07.29"]
[EventType "team-swiss"]
[EventRounds "11"]
[EventCountry "IND"]
[WhiteTeam "Spain"]
[BlackTeam "Denmark"]

1. e4 c5 2. Nf3 Nc6 3. d4 cxd4 4. Nxd4 g6 5. Nc3 Bg7 6. Be3 Nf6 7. Nb3 O-O 8.
Qd2 d5 9. exd5 Nb4 10. Rd1 b6 11. a3 Na6 12. Be2 Bb7 13. O-O Qd7 14. Rfe1 Rfd8
15. Bb5 Qc8 16. Bd4 Nc7 17. Bc4 b5 18. Nxb5 Ncxd5 19. Nc5 Bc6 20. b4 Qg4 21. h3
Qh4 22. Bxf6 Bxf6 23. Re4 Nf4 24. Qxd8+ Rxd8 25. Rxd8+ Kg7 26. g3 Nxh3+ 27. Kf1
Qh6 28. Nd4 Bxe4 29. Nce6+ fxe6 30. Nxe6+ Kf7 31. Ng5+ 1-0

[Event "Chess Olympiad Women 2022"]
[Site "Chennai"]
[Date "2022.08.09"]
[Round "11.4"]
[White "Fredericia, Louise Winther"]
[Black "Mudodo, Refiloe Hazel"]
[Result "1/2-1/2"]
[WhiteElo "1990"]
[BlackElo "1604"]
[PlyCount "95"]
[EventDate "2022.07.29"]
[EventType "team-swiss"]
[EventRounds "11"]
[EventCountry "IND"]
[WhiteTeam "Denmark"]
[BlackTeam "Zimbabwe"]

1. f4 e6 2. Nf3 d5 3. e3 Bd6 4. b3 Nf6 5. Bb2 O-O 6. Be2 b6 7. O-O Ba6 8. Ne5
Bxe2 9. Qxe2 Bxe5 10. fxe5 Nfd7 11. Qg4 Nc6 12. d4 Re8 13. Nd2 f6 14. c4 fxe5
15. cxd5 exd5 16. Rac1 Nb4 17. dxe5 Nd3 18. e6 N7e5 19. Qg3 Nxb2 20. Qxe5 Nd3
21. Qg3 Nxc1 22. Rxc1 Qd6 23. Rxc7 Qxg3 24. hxg3 Rxe6 25. Kf2 Rf8+ 26. Nf3 a5
27. Rd7 Rfe8 28. Nd4 Rxe3 29. Nf5 Re2+ 30. Kf3 Rxa2 31. Rxg7+ Kh8 32. Rb7 Rf8
33. g4 d4 34. Rxb6 Rd8 35. Nd6 Rd7 36. Ke4 Rxg2 37. Kxd4 Rxg4+ 38. Ke5 Rg5+ 39.
Nf5 Kg8 40. Rb8+ Kf7 41. Ra8 Kg6 42. Ra6+ Kh5 43. Kf4 Rxf5+ 44. Kxf5 Rd5+ 45.
Kf4 Rb5 46. Ra7 h6 47. Ra6 Rb4+ 48. Kf5 1/2-1/2